000 00522nam a2200181Ia 4500
003 OSt
005 20250205123452.0
008 210210b xxu||||| |||| 00| 0 eng d
040 _cAL
041 _akan
082 _a859/975
100 _aNADIGERA KRASHNARAYA
_9145633
_dನಾಡಿಗೇರ ಕೃಷ್ಣರಾಯ
245 _aRannagannadi:
_bರನ್ನಗನ್ನಡಿ
260 _aBengaluru
_bShri Nilakanteshvara Natya Seva Sangha
690 _aKannada Fiction
_9145634
906 _a021725
942 _2ddc
_cBK
999 _c145825
_d145825